[Event "Rio de Janeiro op 2nd"]
[Site "Rio de Janeiro"]
[Date "2023.05.04"]
[Round "4"]
[White "Montanu, Dan Vladimir"]
[Black "De Miranda, Eduardo Rodrigues C"]
[Result "1-0"]
[WhiteElo "1895"]
[BlackElo "1698"]
[PlyCount "73"]
[EventDate "2023.05.02"]
[EventType "swiss"]
[EventRounds "9"]
[EventCountry "BRA"]
[SourceTitle "CBM 214 Extra"]
[Source "ChessBase"]
[SourceDate "2023.07.31"]
[SourceVersion "1"]
[SourceVersionDate "2023.07.31"]
[SourceQuality "1"]

1. d4 d5 2. c4 e6 3. Nc3 Nf6 4. cxd5 exd5 5. Bg5 Be7 6. e3 c6 7. Qc2 0-0 8. Bd3 Nbd7 9. Nge2 Re8 10. 0-0 Nf8 11. f3 Ng6 12. Rad1 h6 13. Bf4 Nxf4 14. Nxf4 Bd6 15. Qf2 Qc7 16. g3 Bd7 17. Ng2 Re7 18. e4 dxe4 19. fxe4 Nh7 20. e5 Ng5 21. Nf4 Bb4 22. Nce2 Bh3 23. Ng2 c5 24. Rc1 Qd7 25. a3 Bd2 26. Rxc5 Bg4 27. Nef4 Nf3+ 28. Kh1 Qxd4 29. e6 Bxe6 30. Nxe6 fxe6 31. Qxf3 Qxc5 32. Qe4 g6 33. Qxg6+ Kh8 34. Rf7 Rxf7 35. Qxf7 Qc1+ 36. Ne1 Qxe1+ 37. Kg2 1-0

[Event "Florianopolis Winter op 6th"]
[Site "Florianopolis"]
[Date "2022.07.16"]
[Round "7"]
[White "Campagnolo, Bruna"]
[Black "Montanu, Dan Vladimir"]
[Result "0-1"]
[WhiteElo "1423"]
[BlackElo "1938"]
[PlyCount "106"]
[EventDate "2022.07.13"]
[EventType "swiss"]
[EventRounds "9"]
[EventCountry "BRA"]
[SourceTitle "CBM 209 Extra"]
[Source "ChessBase"]
[SourceDate "2022.09.30"]
[SourceVersion "1"]
[SourceVersionDate "2022.09.30"]
[SourceQuality "1"]

1. e4 e6 2. d4 d5 3. exd5 exd5 4. Bd3 Bd6 5. c3 Ne7 6. Ne2 0-0 7. 0-0 Bf5 8. Bf4 c6 9. Qc2 Bxd3 10. Qxd3 Bxf4 11. Nxf4 Qd6 12. Ne2 Nd7 13. Nd2 Rae8 14. Rae1 Ng6 15. Ng3 Nf4 16. Qf3 g6 17. Ne2 Nxe2+ 18. Rxe2 Re6 19. Rfe1 Rfe8 20. g3 h5 21. h4 Kg7 22. Kg2 Nf6 23. Qd3 Ng4 24. Nf3 f6 25. Nh2 Nh6 26. Rxe6 Rxe6 27. Rxe6 Qxe6 28. Qe3 Qxe3 29. fxe3 g5 30. hxg5 fxg5 31. Nf3 Nf7 32. Nd2 Kf6 33. e4 dxe4 34. Nxe4+ Kf5 35. Kf3 b6 36. c4 c5 37. Ke3 cxd4+ 38. Kxd4 h4 39. gxh4 gxh4 40. Ke3 Ne5 41. b3 h3 42. Nf2 Ng4+ 43. Nxg4 Kxg4 44. Kf2 Kf4 45. Kg1 Ke4 46. Kh2 Kd4 47. Kxh3 a5 48. Kg4 Kc3 49. Kf3 Kb2 50. b4 axb4 51. Ke3 Kxa2 52. Kd3 b3 53. Kc3 b2 0-1

[Event "Rio de Janeiro op"]
[Site "Rio de Janeiro"]
[Date "2022.04.22"]
[Round "3"]
[White "De Souza, Jose Alberto Martim"]
[Black "Montanu, Dan Vladimir"]
[Result "0-1"]
[WhiteElo "1552"]
[BlackElo "1945"]
[PlyCount "92"]
[EventDate "2022.04.21"]
[EventType "swiss"]
[EventRounds "6"]
[EventCountry "BRA"]
[SourceTitle "CBM 207 Extra"]
[Source "ChessBase"]
[SourceDate "2022.05.31"]
[SourceVersion "1"]
[SourceVersionDate "2022.05.31"]
[SourceQuality "1"]

1. d4 d5 2. c4 e6 3. Nc3 c6 4. Nf3 dxc4 5. e4 b5 6. a4 Bb4 7. Be2 Bb7 8. 0-0 a6 9. Bg5 Be7 10. Bf4 Nf6 11. Qc2 b4 12. Nd1 c5 13. e5 Nd5 14. Bd2 cxd4 15. Qxc4 Nc6 16. Bd3 Rc8 17. Qa2 Nc3 18. bxc3 dxc3 19. Be4 cxd2 20. Qxd2 Qxd2 21. Nxd2 Na5 22. Ne3 0-0 23. Bxb7 Nxb7 24. Ndc4 Rc7 25. Rfd1 Rfc8 26. Nb6 Rd8 27. Rxd8+ Bxd8 28. Rd1 Rc6 29. Nbc4 h6 30. h3 Bg5 31. g3 Bxe3 32. Nxe3 b3 33. Rb1 Na5 34. Kf1 Kf8 35. Ke2 Rb6 36. Kd3 Rb4 37. Nf1 Rxa4 38. Nd2 Ra2 39. Kc3 Rc2+ 40. Kd3 Rc5 41. f4 Rb5 42. Kc3 g5 43. Nxb3 Nxb3 44. Rxb3 Rxb3+ 45. Kxb3 gxf4 46. gxf4 Kg7 0-1

[Event "Florianopolis op 8th"]
[Site "Florianopolis"]
[Date "2022.01.29"]
[Round "8"]
[White "Caetano, Hugo Zanotti Mendon"]
[Black "Montanu, Dan Vladimir"]
[Result "1-0"]
[WhiteElo "2161"]
[BlackElo "1940"]
[PlyCount "95"]
[EventDate "2022.01.24"]
[EventType "swiss"]
[EventRounds "10"]
[EventCountry "BRA"]
[SourceTitle "EXT 2023"]
[Source "ChessBase"]
[SourceDate "2022.10.05"]
[SourceVersion "1"]
[SourceVersionDate "2022.10.05"]
[SourceQuality "1"]

1. d4 d5 2. c4 e6 3. Nf3 c6 4. Nc3 dxc4 5. e3 b5 6. a4 Bb4 7. Bd2 a5 8. axb5 Bxc3 9. Bxc3 cxb5 10. b3 Bb7 11. d5 Nf6 12. bxc4 b4 13. Bxf6 Qxf6 14. Qa4+ Nd7 15. Nd4 Qe7 16. d6 Qxd6 17. Rd1 Qb6 18. c5 Qxc5 19. Bb5 0-0 20. Bxd7 Bxg2 21. Rg1 Bd5 22. Bc6 Bxc6 23. Qxc6 Qh5 24. Qd6 Rfd8 25. Qe7 Rd5 26. Rc1 Qxh2 27. Rg5 Rxg5 28. Qxg5 Qd6 29. Rc6 Qd7 30. Qe5 h6 31. Nxe6 f6 32. Qg3 g5 33. Qf3 Rc8 34. Rxc8+ Qxc8 35. Nd4 Qc3+ 36. Kf1 Kg7 37. Qb7+ Kg6 38. Qe4+ Kf7 39. Qe6+ Kg6 40. Qg8+ Kh5 41. Qf7+ Kh4 42. Nf5+ Kg4 43. Ng3 Qc4+ 44. Kg2 Qc6+ 45. Kg1 Qc1+ 46. Kh2 Kf3 47. Qxf6+ Kg4 48. f3+ 1-0

[Event "Montevideo Duchamp Cup 4th"]
[Site "Montevideo"]
[Date "2020.02.14"]
[Round "8"]
[White "Montanu, Dan Vladimir"]
[Black "Moreno, Nelson"]
[Result "1-0"]
[WhiteElo "1983"]
[BlackElo "1656"]
[PlyCount "87"]
[EventDate "2020.02.08"]
[EventType "swiss"]
[EventRounds "9"]
[EventCountry "URU"]
[SourceTitle "CBM 194 Extra"]
[Source "ChessBase"]
[SourceDate "2020.03.31"]
[SourceVersion "1"]
[SourceVersionDate "2020.03.31"]
[SourceQuality "1"]

1. d4 Nf6 2. Nf3 e6 3. g3 c5 4. Bg2 Nc6 5. 0-0 Qb6 6. e3 cxd4 7. exd4 d5 8. c3 a5 9. a4 Bd7 10. Re1 Be7 11. Na3 0-0 12. Nd2 Rfc8 13. Nb5 Na7 14. Bf1 Nxb5 15. axb5 Ne8 16. Nf3 Nd6 17. Bg5 Bxg5 18. Nxg5 h6 19. Nh3 Bxb5 20. Rb1 Bxf1 21. Kxf1 a4 22. Nf4 a3 23. bxa3 Qa6+ 24. Kg2 Ne4 25. Qg4 Rxc3 26. Nh5 g6 27. Nf4 Rc2 28. Rf1 Kh7 29. h4 Nd2 30. Rfc1 Rxc1 31. Rxc1 Nc4 32. Re1 Re8 33. Nxd5 Qc6 34. Qf3 Qxd5 35. Qxd5 exd5 36. Rxe8 Nxa3 37. Rd8 b5 38. Rxd5 b4 39. Rd7 Kg7 40. Kf3 Nc4 41. Rb7 b3 42. Ke2 Na5 43. Rb5 Nc6 44. Kd3 1-0